Discurso del método / (Record no. 55565)

MARC details
000 -LEADER
campo de control de longitud fija 00794nam a2200229 i 4500
001 - NÚMERO DE CONTROL
campo de control 55565
003 - IDENTIFICADOR DE NÚMERO DE CONTROL
campo de control ES-MaACL
005 - FECHA Y HORA DE LA ÚLTIMA TRANSACCIÓN
campo de control 20250823085843.0
007 - CAMPO FIJO DE DESCRIPCIÓN FÍSICA--INFORMACIÓN GENERAL
campo de control de longitud fija t|
008 - DATOS DE LONGITUD FIJA--INFORMACIÓN GENERAL
campo de control de longitud fija 030923s1954 sp ||||1| spa d
100 1# - ENTRADA PRINCIPAL--NOMBRE DE PERSONA
Nombre de persona Descartes, René,
Fechas asociadas al nombre 1596-1650
9 (RLIN) 43838
245 10 - MENCIÓN DEL TÍTULO
Título Discurso del método /
Mención de responsabilidad, etc. René Descartes ; traducción, estudio preliminar y notas de Risieri Frondizi.
250 ## - MENCION DE EDICION
Mención de edición Ed. biblingüe.
260 ## - PUBLICACIÓN, DISTRIBUCIÓN, ETC.
Lugar de publicación, distribución, etc. Madrid :
Nombre del editor, distribuidor, etc. Universidad de Puerto Rico,
Fecha de publicación, distribución, etc. [1954] (
Fabricante Altamira)
300 ## - DESCRIPCIÓN FÍSICA
Extensión XC, 236 p., 9 lám. ;
Dimensiones 19 cm.
490 1# - MENCIÓN DE SERIE
Mención de serie Biblioteca de cultura básica
700 1# - ENTRADA AGREGADA--NOMBRE PERSONAL
Nombre de persona Frondizi, Risieri.
9 (RLIN) 52737
710 2# - ENTRADA AGREGADA--NOMBRE DE ENTIDAD CORPORATIVA
Nombre de entidad corporativa o nombre de jurisdicción como elemento de entrada Universidad de Puerto Rico
9 (RLIN) 7273
830 0# - PUNTO DE ACCESO ADICIONAL DE SERIE-TÍTULO UNIFORME
Título uniforme Biblioteca de cultura básica
9 (RLIN) 181999
852 ## - LOCALIZACIÓN
Ubicación ES-MaACL
Número de control de estantería C-8410
Sublocalización o colección R.36492
Holdings
Estatus retirado Estado de pérdida Estado de daño No para préstamo Biblioteca de origen Biblioteca actual Ubicación en estantería Fecha de adquisición Fuente de adquisición Total de préstamos Signatura topográfica completa Código de barras Visto por última vez Precio de reemplazo Tipo de ítem Koha
        Biblioteca del Ateneo de Madrid Biblioteca del Ateneo de Madrid Sala Palomar 17/01/2008     C-8410 1058374 23/02/2023 23/02/2023 Libro impreso